logo

Bir Sreshtho Munshi Abdur Rouf Library
Jhenaidah Cadet College

Planning and human need / (Record no. 4943)

MARC details
000 -LEADER
fixed length control field 00682nam a2200241 a 4500
003 - CONTROL NUMBER IDENTIFIER
JCCL marc code BD-JhCC
005 - DATE AND TIME OF LATEST TRANSACTION
control field 20171205191006.0
008 - FIXED-LENGTH DATA ELEMENTS--GENERAL INFORMATION
fixed length control field 970225s1963 enk b 001 0 eng d
020 ## - INTERNATIONAL STANDARD BOOK NUMBER
International Standard Book Number 0715363158
035 ## - SYSTEM CONTROL NUMBER
system control number (BD-JhCC)
040 ## - CATALOGING SOURCE
Original cataloging agency EQO
Transcribing agency EQO
Modifying agency BD-JhCC
-- BD-JhCC
041 ## - LANGUAGE CODE
Language code of Book eng
082 ## - DEWEY DECIMAL CLASSIFICATION NUMBER
Classification number 309.2620904
Author mark and Year HEY 1974
100 1# - MAIN ENTRY--PERSONAL NAME
Personal name Heywood, Phil.
245 14 - TITLE STATEMENT
Title Planning and human need /
Statement of responsibility, etc by Phil Heywood
260 ## - PUBLICATION, DISTRIBUTION, ETC. (IMPRINT)
Place of publication, distribution, etc Newton Abbot :
Name of publisher, distributor, etc David & Charles,
Date of publication, distribution, etc cop. 1974
300 ## - PHYSICAL DESCRIPTION
Pagination 192 p. :
Dimensions 22 cm.
490 1# - SERIES STATEMENT
Series statement People, plans and problems series
504 ## - BIBLIOGRAPHY, ETC. NOTE
Bibliography, etc Includes Bibliographical Reference and Index.
650 ## - SUBJECT ADDED ENTRY--TOPICAL TERM
Topical term or geographic name as entry element City planning
942 ## - ADDED ENTRY ELEMENTS (KOHA)
Source of classification or shelving scheme Dewey Decimal Classification
Koha item type Books
Holdings
Source of classification or shelving scheme Damaged status Not for loan Home library Current library Shelving location Date of accession Cost, normal purchase price Total Checkouts Full call number Barcode Date last seen Copy number Koha item type
Dewey Decimal Classification     JCC Rouf Library JCC Rouf Library General Stacks 12/05/2017 4.25   309.2620904 HEY 1974 6271 12/05/2017 C-1 Books

JCC Library | Contacts | JCC Home

Last Update on 23 September 2017
Copyright @ 2017-2020 JCC Rouf Library
Rouf Library, Jhenidah Cadet College (JCC), Bangladesh